Masonería, iglesia e ilustración (Record no. 63443)
[ view plain ]
| 000 -LEADER | |
|---|---|
| campo de control de longitud fija | 00712nam a2200157 i 4500 |
| 001 - NÚMERO DE CONTROL | |
| campo de control | 63443 |
| 003 - IDENTIFICADOR DE NÚMERO DE CONTROL | |
| campo de control | ES-MaACL |
| 007 - CAMPO FIJO DE DESCRIPCIÓN FÍSICA--INFORMACIÓN GENERAL | |
| campo de control de longitud fija | t| |
| 008 - DATOS DE LONGITUD FIJA--INFORMACIÓN GENERAL | |
| campo de control de longitud fija | 031210m19771986sp ||||1| spa d |
| 100 1# - ENTRADA PRINCIPAL--NOMBRE DE PERSONA | |
| Nombre de persona | Ferrer Benimeli, José A. |
| 9 (RLIN) | 50445 |
| 245 10 - MENCIÓN DEL TÍTULO | |
| Título | Masonería, iglesia e ilustración |
| Resto del título | : un conflicto ideológico-político-religioso / |
| Mención de responsabilidad, etc. | José Antonio Ferrer Benimeli. |
| 260 ## - PUBLICACIÓN, DISTRIBUCIÓN, ETC. | |
| Lugar de publicación, distribución, etc. | Madrid : |
| Nombre del editor, distribuidor, etc. | Fundación Universitaria Española, |
| Fecha de publicación, distribución, etc. | 1977-86. |
| 300 ## - DESCRIPCIÓN FÍSICA | |
| Extensión | 4 v. ; |
| Dimensiones | 21 cm. |
| 505 8# - NOTA DE CONTENIDO CON FORMATO | |
| Nota de contenido con formato | Contiene: T. I: Las bases del conflicto. -- T. II: Inquisición : proceso histórico. -- T: III Institucionalización del conflicto. T. IV: La otra cara del conflicto. Conclusiones y bibliografía |
| 852 ## - LOCALIZACIÓN | |
| Ubicación | ES-MaACL |
| Número de control de estantería | G-15512-5 |
| Sublocalización o colección | R.107718 |
| Estatus retirado | Estado de pérdida | Estado de daño | No para préstamo | Biblioteca de origen | Biblioteca actual | Ubicación en estantería | Fecha de adquisición | Fuente de adquisición | Total de préstamos | Signatura topográfica completa | Código de barras | Visto por última vez | Precio de reemplazo | Tipo de ítem Koha |
|---|---|---|---|---|---|---|---|---|---|---|---|---|---|---|
| Biblioteca del Ateneo de Madrid | Biblioteca del Ateneo de Madrid | Sala Pecera Planta 3 | 17/01/2008 | G-15512-5 | 1066499 | 23/02/2023 | 23/02/2023 | Libro impreso |
